Normal view
MARC view
Entry Topical Term
001 - CONTROL NUMBER
- control field: 585623
003 - CONTROL NUMBER IDENTIFIER
- control field: OSt
005 - DATE AND TIME OF LATEST TRANSACTION
- control field: 20221005032857.0
008 - FIXED-LENGTH DATA ELEMENTS
- fixed length control field: 221005|| aca||aabn | a|a d
040 ## - CATALOGING SOURCE
- Original cataloging agency: OSt
- Transcribing agency: OSt
150 ## - HEADING--TOPICAL TERM
- Topical term or geographic name entry element: SHIPWRECKS - ANTIQUITIES
670 ## - SOURCE DATA FOUND
- Source citation: Work cat.: (OSt)940480: Tripathi Alok 585622, Marine archaeology , 2005
